000 00824nam a2200253Ia 4500
003 OSt
005 20220918171254.0
006 a|||||r|||| 00| 0
007 ta
008 220917b |||||||| |||| 00| 0 eng d
020 _a9781446287378 (pbk)
_cUKP 25.99
024 _a317,549
037 _b2933, 14/03/2017, Govinda Book House
_cTextual
040 _aARTS
_cARTS
_beng
041 _2eng
_aeng
082 _aY13, Q6
100 _aPickard Susan Au.
_935250
245 0 _aAge studies
_b sociological examination of how we age and are aged through the life course
260 _aLos Angeles
_b Sage USA
_c2016
300 _aix,298p.
_ccm.
650 _aAGING - SOCIAL CONDITIONS
_935251
942 _hY13, Q6
_cTEXL
_2CC
999 _c138690
_d138690